000 00354nam a2200145Ia 4500
008 230704s9999 xx 000 0 und d
020 _a9789389825725
100 _aCHITLANGE, SOHAN
245 0 _aPHARMACEUTICAL BIOTECHNOLOGY
250 _a3RD
260 _bNIRALI PRAKASHAN, PUNE
_c2021
300 _aA-52
650 _aPharmaceutical
942 _cBK
999 _c216287
_d216287